| 000 | 00670cam a2200181 4500 | ||
|---|---|---|---|
| 001 | WB3714-07 | ||
| 008 | 000000n2001 000 0 eng u | ||
| 035 | _a(Sirsi) u111787 | ||
| 245 | _aSkills register to expand | ||
| 260 | _c2001 | ||
| 490 |
_aContract Journal _v408(6320) 28 March 2001, 3(1) |
||
| 520 | _aMajor changes in the management structure and membership of the Construction Skills Certification Scheme (CSCS) have now been agreed and will lead to the expansion of the CSCS register. | ||
| 590 | _aWB | ||
| 650 | _aCONSTRUCTION SKILLS CERTIFICATION SCHEME | ||
| 650 | _aSKILLS REGISTER | ||
| 690 | _aBUILT ENVIRONMENT-BUILDING STANDARDS | ||
| 942 | _n0 | ||
| 999 |
_c66609 _d66609 |
||